000 00990cab a2200241 4500
001 WB3228-41
008 090401t1996 xxu||||| |||| 00| 0 eng d
035 _a(Sirsi) u56542
041 _aeng
245 _aOmissions in valuation report
260 _c1996
350 _a0
490 _aEstates Gazette Case Summaries
_v[1996] EGCS 120(1) (13/7/96
520 _a"Hamlin and another v Edwin Evans" CA 4 July 1996. A surveyor`s valuation report that failed to discover several defects was classed as just one action and a second claim regarding structural defects was statue barred as six years had passed since first claim for dry rot had been settled and eight years since report had been completed.
650 _aHAMLIN AND ANOTHER V EDWIN EVANS
650 _aLATENT DEFECTS
650 _aSTATUTE BARRED
650 _aSTRUCTURAL DEFECTS
650 _aVALUATION REPORTS
690 _aMANAGEMENT-BUSINESS MANAGEMENT-PROFESSIONAL PRACTICE
942 _n0
948 _c04/03/1997
999 _c34489
_d34489